000 00985nam a2200289 a 4500
001 BRL_653
005 20190320210834.0
008 230913s1984----mx-#######---#000-0#spa-#
020 _a968411074X
041 _aspa
044 _amx
050 4 _aDG575.G69
_b.G73 1984
100 1 _aGramsci, Antonio
_d1891-1937
_924527
245 1 0 _aCuadernos de la cárcel
_cEdición crítica del Instituto Gramsci, A cargo de Valentino Gerratana ; traduccion de Ana Maria Palos.
260 _aMéxico, D.F.
_bEdiciones Era
_c1984
300 _a6v.
_c19 cm.
440 0 _aEl hombre y si tiempo
_v3
_924528
500 _at.3 Au741
500 _aTraducción de: Quaderni del carcere
505 0 _at.3 Cuadernos 6 (viii) 1930-1932, 7 (vii) 1930-1931, 8 (xxvii) 1931-1932.
600 1 4 _aGramsci, Antonio
_d1891-1937
_xEncarcelamiento
_924529
650 1 4 _aMarxísmo
_924530
700 1 _aGerratana, Valentino
_924531
700 1 _aPalos, Ana María
_etr.
_924532
902 _aGRL
942 _2lcc
_cB
999 _c9465
_d9465